000 01776cam a22004337a 4500
001 15066423
005 20221229190120.0
008 071101r20081931njuac b 000 0 eng
906 _a7
_bcbc
_ccopycat
_d2
_encip
_f20
_gy-gencatlg
925 0 _aacquire
_b1 shelf copy
_xpolicy default
925 1 _aacquire
_b2 shelf copies
_xpolicy default
955 _ejh32 2008-07-23/jh12 to BCCD
010 _a 2007940601
015 _2bnb
_aGBA821000
016 7 _a014525775
_2Uk
020 _a9780691129372 (hbk. : alk. paper)
020 _a0691129371 (hbk.)
035 _a(OCoLC)ocn195748978
040 _aUKM
_cUKM
_dBAKER
_dBTCTA
_dYDXCP
_dCDX
_dCUS
_dVP@
_dDLC
042 _alccopycat
043 _an-us---
050 0 0 _aNA737.W7
_bW69 2008
082 0 4 _a724.6
_222
100 1 _aWright, Frank Lloyd,
_d1867-1959.
245 1 0 _aModern architecture :
_bbeing the Kahn lectures for 1930 /
_cby Frank Lloyd Wright ; with a new introduction by Neil Levine.
246 1 8 _aFrank Lloyd Wright lectures
250 _aFacsim. ed.
260 _aPrinceton [ N.J.] :
_bPrinceton University Press,
_c2008.
300 _alxxv, 114 p. :
_bill., port. ;
_c28 cm.
440 0 _aPrinceton monographs in art and archaeology
500 _aOriginally published in 1931.
500 _a"Modern concepts concerning an organic architecture, from the work of Frank Lloyd Wright" on lining-papers.
504 _aIncludes bibliographical references.
600 1 0 _aWright, Frank Lloyd,
_d1867-1959
_xPhilosophy.
650 0 _aArchitecture, Modern
_y20th century.
650 0 _aArchitecture
_zUnited States.
650 0 _aArchitecture, Industrial
_xHistory
_y20th century.
700 1 _aLevine, Neil,
_d1941-
999 _c11020
_d11020